20 Países con mayor población - Estadísticas

Estadísticas generales
  • Esta prueba ha sido intentada 64 veces
  • La puntuación promedio es 17 de 20
Estadísticas de respuestas
Hint Respuesta % Correcto
1.408.628 China
100%
336.762 Estados Unidos
100%
1.404.910 India
98%
205.122 Brasil
96%
146.331 Rusia
96%
132.552 México
95%
84.763 Alemania
91%
123.840 Japón
91%
288.431 Indonesia
86%
229.931 Nigeria
84%
68.572 Reino Unido
82%
106.699 Egipto
79%
174.989 Bangladés
77%
249.805 Pakistán
77%
116.751 R.D. Congo
73%
114.164 Filipinas
70%
85.836 Irán
68%
85.674 Turquía
68%
101.290 Vietnam
64%
109.496 Etiopía
63%
No se encontraron pruebas coincidentes
Distribución de puntuación
Porcentaje de gente con cada puntuación
Porcentaje por número respondido
Historial de tus puntuaciones
No has intentado esta prueba.